01200nam a2200337 i 450000500170000000700030001700800410002002000180006104000350007904100130011408400110012710000340013824500610017225000440023326400550027730000390033233600270037133700330039833800280043149000450045952100610050453400080056565000480057365000480062165000370066965000330070665000370073965000280077665000270080470000310083120220316235959.0ta201020s19932018mx a b 000 j spa d a9789681642723 aCO-BoRNBPbspaerdacCO-BoRNBP1 aspaheng aC BRO11 aBrowne, Anthonyd1946-eautor10aZoológicocAnthony Browne ; traducción Carmen Esteva aPrimera ediciónbOctava reimpresión 1aMéxicobFondo de Cultura Económicac1993c2018 a25 páginasbilustracionesc30 cm atextobtxt2rdacontent asin mediaciónbn2rdamedia avolumenbnc2rdacarrier0 aLos especiales de A la orilla del viento aRecomendado para un público infantil mayor de 6 años tZoo172LEMBaCuentos infantiles inglesesySiglo XX172LEMBaLiteratura infantil inglesaySiglo XX172LEMBaAutores inglesesySiglo XX172LEMBaZoológicos vCuentos172LEMBaAnimales salvajesvCuentos172LEMBaHermanosvCuentos172LEMBaFamiliavCuentos1 aEsteva, Carmenetraductora